La declinación del vasco literario común / (Registro nro. 141412)

Detalles MARC
000 -LEADER
campo de control de longitud fija 00745nam a2200217 i 4500
001 - NÚMERO DE CONTROL
campo de control 141412
003 - IDENTIFICADOR DE NÚMERO DE CONTROL
campo de control ES-MaACL
005 - FECHA Y HORA DE LA ÚLTIMA TRANSACCIÓN
campo de control 20230906200304.0
007 - CAMPO FIJO DE DESCRIPCIÓN FÍSICA--INFORMACIÓN GENERAL
campo de control de longitud fija t|
008 - DATOS DE LONGITUD FIJA--INFORMACIÓN GENERAL
campo de control de longitud fija 070924s1972 sp ||||1| spa d
080 ## - NÚMERO DE LA CLASIFICACIÓN DECIMAL UNIVERSAL
Número de la Clasificación Decimal Universal 811.361'366
100 1# - ENTRADA PRINCIPAL--NOMBRE DE PERSONA
Nombre de persona Villasante, Luis.
9 (RLIN) 115152
245 13 - MENCIÓN DEL TÍTULO
Título La declinación del vasco literario común /
Mención de responsabilidad, etc. Luis Villasante.
260 ## - PUBLICACIÓN, DISTRIBUCIÓN, ETC.
Lugar de publicación, distribución, etc. Oñate :
Nombre del editor, distribuidor, etc. Edit. Franciscana Aránzazu,
Fecha de publicación, distribución, etc. [1972]
300 ## - DESCRIPCIÓN FÍSICA
Extensión 120 p. ;
Dimensiones 19 cm.
490 1# - MENCIÓN DE SERIE
Mención de serie Serie "Luis de Elizalde" sobre unificación del euskera escrito ;
Designación de volumen o secuencia 2
650 14 - PUNTO DE ACCESO ADICIONAL DE MATERIA--TÉRMINO DE MATERIA
Término de materia o nombre geográfico como elemento de entrada Lengua vasca-
Subdivisión general Morfología.
9 (RLIN) 14340
830 0# - PUNTO DE ACCESO ADICIONAL DE SERIE-TÍTULO UNIFORME
Título uniforme Serie "Luis de Elizalde" sobre unificación del euskera escrito ;
Designación de volumen o secuencia 2
9 (RLIN) 187212
852 ## - LOCALIZACIÓN
Ubicación ES-MaACL
Número de control de estantería C-45821
Sublocalización o colección R.82162
Existencias
Estatus retirado Estado de pérdida Estado de daño No para préstamo Biblioteca de origen Biblioteca actual Ubicación en estantería Fecha de adquisición Fuente de adquisición Total de préstamos Signatura topográfica completa Código de barras Visto por última vez Precio de reemplazo Tipo de ítem Koha
        Biblioteca del Ateneo de Madrid Biblioteca del Ateneo de Madrid Depósito 2 17/01/2008     C-45821 1147143 23/02/2023 23/02/2023 Libro impreso